Using the Environment 2 Investigations Part 1. (Record no. 1268)

MARC details
000 -LEADER
fixed length control field 00381nam a22001217a 4500
005 - DATE AND TIME OF LATEST TRANSACTION
control field 20200827104700.0
008 - FIXED-LENGTH DATA ELEMENTS--GENERAL INFORMATION
fixed length control field 200827b ||||| |||| 00| 0 eng d
020 ## - INTERNATIONAL STANDARD BOOK NUMBER
International Standard Book Number 0356043541
040 ## - CATALOGING SOURCE
Transcribing agency CML
245 ## - TITLE STATEMENT
Title Using the Environment 2 Investigations Part 1.
Statement of responsibility, etc. Collis, M.
260 ## - PUBLICATION, DISTRIBUTION, ETC.
Place of publication, distribution, etc. London
Name of publisher, distributor, etc. Macdonald Educational Ltd
Date of publication, distribution, etc. 1974
942 ## - ADDED ENTRY ELEMENTS (KOHA)
Source of classification or shelving scheme Dewey Decimal Classification
Koha item type Books
Edition 1st Edition
Classification part 507
Call number suffix COL

No items available.

Powered by Koha